Missing Word: Blood Loss Quiz Stats

 Plays Quiz Updated Oct 16, 2012

Support Sporcle.
Go Orange.
Score 0/25 Timer 04:00
0 Plays Today
Giving Blood Word % Correct
Blood, ___ & TearsSweat
95.2%
Bloody ___Mary
94.2%
___ Will Be BloodThere
91.6%
___ Blood CellsWhite
87%
Harry Potter & the Half-Blood ___Prince
86.9%
In ___ BloodCold
80.4%
___ It BleedLet
80.4%
Blood ___Orange
79.6%
___ BloodTrue
78.4%
___ Bloody ___Sunday
72.9%
Blood ___Diamond
63.9%
___ BloodedHot
63.3%
___ BloodsBlue
62.5%
Giving Blood Word % Correct
My Bloody ___Valentine
62%
Blood on the ___ FloorDance
52.6%
Blood ___Brothers
50.1%
A ___ of Blood to the HeadRush
48.3%
It's Alright, Ma (I'm ___ Bleeding)Only
47.3%
Bleeding ___Love
47.1%
___ BloodFirst
44.1%
The Bloody ___Baron
32%
Blood ___ Sex MagikSugar
28.2%
Bloody Well ___Right
27.2%
Blood ___Simple
18.2%
Blood on the ___Tracks
16.5%

Today's Daily Dose

Missing Word
'80s Musicals

Word Ladder
Hereditary

Get the Picture
Food Names

From the Vault

How Close Can You Get To...? VIII

by gazzso

If you already live there, we're guessing you can get quite close.
Remove Ads.
Support Sporcle.
Get the best of Sporcle when you Go Orange. This ad-free experience offers more features, more stats, and more fun while also helping to support Sporcle. Thank you for becoming a member.

Show Comments

Extras

Top Quizzes Today


Score Distribution

Your Account Isn't Verified!

In order to create a playlist on Sporcle, you need to verify the email address you used during registration. Go to your Sporcle Settings to finish the process.

Report this User

Report this user for behavior that violates our Community Guidelines.

Details: